Normal view MARC view

Entry Nome pessoal

Number of records used in: 2

001 - NÚMERO DE CONTROLE

  • campo de controle: 492

003 - IDENTIFICADOR DO NÚMERO DE CONTROLE

  • campo de controle: Br

005 - DATA E HORÁRIO DA ÚLTIMA TRANSAÇÃO

  • campo de controle: 20250225160807.0

008 - CAMPO DE DADOS FIXOS

  • campo de controle de tamanho fixo: 031010|| acnacaban aaaa d

035 ## - NÚMERO DE CONTROLE DO SISTEMA

  • Número de Controle do Sistema: 2003101014072608med

040 ## - FONTE DA CATALOGAÇÃO

  • Instituição da catalogação original: Br
  • Instituição que transcreveu o registro: Br
  • Convenções de cabeçalho de assunto/tesauros: Br

100 1# - CABEÇALHO--NOME PESSOAL

  • Nome pessoal: Melville, Herman,
  • Datas associadas ao nome: 1819-1891

400 1# - REMISSIVA VER--NOME PESSOAL

  • Nome pessoal: Melville, Hermann
  • Datas associadas ao nome: 1819-1891

400 1# - REMISSIVA VER--NOME PESSOAL

  • Nome pessoal: Melville, H.
  • Datas associadas ao nome: 1819-1891

670 1# - FONTE POSITIVA DOS DADOS

  • Citação da fonte positiva dos dados: Autor de: Moby Dick. 1983
  • Dados encontrados na fonte localizada no subcampo: (ficha cat.: d.n.)

670 ## - FONTE POSITIVA DOS DADOS

  • Citação da fonte positiva dos dados: Em: Bristol, Brian. Por que amamos ler?... 2008
  • Dados encontrados na fonte localizada no subcampo: (p.99: D.; romancista americano)

670 ## - FONTE POSITIVA DOS DADOS

  • Citação da fonte positiva dos dados: http://authorities.loc.gov 4/1/09
  • Dados encontrados na fonte localizada no subcampo: (D., rem.)

670 ## - FONTE POSITIVA DOS DADOS

  • Citação da fonte positiva dos dados: http://pt.wikipedia.org/wiki/Herman_Melville
  • Dados encontrados na fonte localizada no subcampo: (Herman Melville nasceu em 1 de agosto de 1819, em Nova York, e faleceu em 28 de setembro de 1891. Foi um escritor, poeta e ensaísta americano)

670 ## - FONTE POSITIVA DOS DADOS

  • Citação da fonte positiva dos dados: Seu: Jaqueta branca, ou, O mundo em um navio de guerra. 2017
  • Dados encontrados na fonte localizada no subcampo: (p.r.: H. Melville)

Powered by Koha